Diccionario contable y comercial /
Guardado en:
| Autor Principal: | |
|---|---|
| Otros Autores: | |
| Formato: | Libro |
| Publicado: |
Buenos Aires :
Valletta,
1996
|
| Materias: | |
| Etiquetas: |
Agregar Etiqueta
Sin Etiquetas, Sea el primero en etiquetar este registro!
|
| LEADER | 00581nam a22002055a 4500 | ||
|---|---|---|---|
| 001 | CEM.cems009924 | ||
| 005 | 20080702092137.0 | ||
| 008 | 130507s1996##################000#0#####d | ||
| 003 | CEMS | ||
| 020 | |a 9507431128 | ||
| 082 | 0 | 4 | |a 657.05 |
| 100 | 1 | |a Greco, O. | |
| 245 | 1 | 0 | |a Diccionario contable y comercial / |c O. Greco, A. Godoy |
| 260 | |a Buenos Aires : |b Valletta, |c 1996 | ||
| 300 | |a 540 p. | ||
| 653 | |a Diccionarios | ||
| 653 | |a Contabilidad-diccionarios | ||
| 653 | |a Economía-diccionarios | ||
| 700 | 1 | |a Godoy, A. | |
| 859 | |a CEMS |b BIB. CEMS - 11 de abril |h 657.05 |i G81 |p 19301.97 |t Ej.1 | ||
